00470nam a22001577a 450000500170000000800410001702000180005804100130007608200150008910000250010424500630012925000190019226000450021130000300025665000260028620231214085654.0231214b |||||||| |||| 00| 0 eng d a9780409050097 aEnglish  a342.9 BEK  aBekink, B lEnglish  aPrinciples of South African Local Government / cB Bekink  aFirst Edition  aDurban : bLexisNexis (Pty) Ltd, c2006  bxx, 581 pages ; c25 cm.  aLegal practice bLaw